| 000 | 00805nam0a22002411 4500 | ||
|---|---|---|---|
| 001 | v19\rc\1241221 | ||
| 005 | 20250617232534.0 | ||
| 035 | _a(NLR Aleph) 004399204 | ||
| 090 |
_a3855693 _c3855693 |
||
| 100 | _a20060306d1886 |||y0rusy50 ca | ||
| 101 | 0 | _arus | |
| 102 | _aRU | ||
| 105 | _ay z ||||| | ||
| 200 | 1 |
_aДон Цезарь _eКомич. опера в 3 д. _eКраткое содерж. _fМузыка Деллингера _g(Слова О. Вальтера) _gТеатр Парадиз в Москве |
|
| 210 |
_aМосква _cтип. А.А. Левенсон _d1886 |
||
| 215 | _a15 с. | ||
| 702 | 1 |
_aДеллингер _4230 |
|
| 702 | 1 |
_aВальтер _bО. _4570 |
|
| 801 | 0 |
_aRU _bNLR _gpsbo |
|
| 801 | 1 |
_aRU _bProSoft-M _2rusmarc |
|
| 852 |
_aNLR _j18.198.5.372 |
||
| 942 | _cBOOK | ||
| 980 | _aNB | ||